00811cam a22002297a 4500003000500000005001700005008004100022010001000063011001000073035001000083040000900093082002000102100002500122245013300147260008800280300001100368490003900379650003700418650006000455700002700515830003900542CHAP20220329135703.0971013s1971 r 00010 d a40590 a41562 a45688 cCHAP a338.1809861bF500aFlores G., Gladys A.13aUn método de proyecciones de producción agrícolab: proyecciones de producción para 10 productos agrícolas en Colombia a(s.l.) :bInstituto Colombiano Agropecuario. Depto. de Economía Agrícola,c1971 a259 p. 0aBoletín de investigaciónv; 1514aPolítica agrícolaxColombia.14aProductos agrícolasxAspectos económicosxColombia.0 aValderrama Ch., Mario.0 aBoletín de investigaciónv; 15